000 00881cam a22002651 4500
999 _c233038
_d233038
001 6600934
003 Nust
005 20170228103927.0
008 800820s1966 enk 000 0 eng
010 _a 66066335
015 _aB66-10152
020 _a9780571178575
035 _a(OCoLC)6639131
040 _aDLC
_cOAkU
_dDLC
041 1 _aenggre
042 _apremarc
050 0 0 _aPZ3.K1884
_bFr 3
082 _a889.332
_bKAZ
100 1 _aKazantzakis, Nikos,
_d1883-1957.
245 1 0 _aFreedom and death:
_ba novel;
_cNikos Kazantzakis;
260 _aOxford,
_bBruno Cassirer;
_aLondon,
_bFaber,
_c1966.
300 _a3-472 p.
_c19 cm.
500 _aTranslation of Ho Kapetan Michalēs (romanized form)
651 0 _aCrete (Greece)
_xHistory
_vFiction.
906 _a7
_bcbc
_coclcrpl
_du
_encip
_f19
_gy-gencatlg
942 _2ddc
_cBK